Rugby League National Conference Clubs 2017 - Statistics

General Stats
  • This quiz has been taken 31 times
  • The average score is 18 of 50
Answer Stats
Teams % Correct
Thatto Heath Crusaders
69%
West Hull
69%
Wigan St Patricks
69%
Egremont Rangers
56%
West Bowling
56%
Wigan St Judes
56%
Millom
50%
Normanton Knights
50%
Rochdale Mayfield
50%
Siddal
50%
Skirlaugh
50%
Thornhill Trojans
50%
Bradford Dudley Hill
44%
Dewsbury Celtic
44%
Hull Dockers
44%
Kells
44%
Myton Warriors
44%
Stanningley
44%
Askam
38%
Barrow Island
38%
Blackbrook
38%
Dewsbury Moor Maroons
38%
East Leeds
38%
Leigh Miners Rangers
38%
Oulton Raiders
38%
Wath Brow Hornets
38%
Woolston Rovers
38%
York Acorn
38%
Castleford Lock Lane
31%
Clock Face Miners
31%
Crosfields
31%
Featherstone Lions
31%
Ince Rose Bridge
31%
Oldham St Annes
31%
Pilkington Recs
31%
Saddleworth Rangers
31%
Shaw Cross Sharks
31%
Hunslet Club Parkside
25%
Leigh East
25%
Stanley Rangers
25%
Waterhead Warriors
25%
Gateshead Storm
19%
Underbank Rangers
19%
Drighlington
13%
Eastmoor
13%
Hunslet Warriors
13%
Milford Marlins
13%
Salford City Roosters
13%
Rylands
6%
Elland
0%
No matching quizzes found
Score Distribution
Percent of People with Each Score
Percentile by Number Answered
Your Score History
You have not taken this quiz